| 000 | 00000nam 2200000zi 4500 |
| 001 | 9.947154 |
| 003 | CaOODSP |
| 005 | 20250120154126 |
| 006 | m o d f |
| 007 | cr bn||||||||| |
| 008 | 250120e198012##abcbod ob f000 0 eng d |
| 040 | |aCaOODSP|beng|erda|cCaOODSP |
| 043 | |an-cn-ab |
| 086 | 1 |aEn40-248/116E-PDF |
| 100 | 1 |aCrowther, R. A. |q(Roy A.)|eauthor. |
| 245 | 13|aAn assessment of benthic secondary production in the Muskeg River of northeastern Alberta / |cby R.A. Crowther, B.J. Lade for Alberta Oil Sands Environmental Research Program. |
| 264 | 1|aEdmonton, Alberta : |bAlberta Oil Sands Environmental Research Program, |cDecember 1980. |
| 300 | |a1 online resource (xii, 106 pages) : |bmaps, charts, photographs. |
| 336 | |atext|btxt|2rdacontent |
| 337 | |acomputer|bc|2rdamedia |
| 338 | |aonline resource|bcr|2rdacarrier |
| 490 | 1 |aAOSERP report ; |v116 |
| 500 | |aDigitized edition from print [produced by Environment and Climate Change Canada]. |
| 500 | |a"Project WS 1.3.5." |
| 504 | |aIncludes bibliographical references (pages 41-46). |
| 650 | 0|aBenthos|zAlberta|zMuskeg River. |
| 651 | 0|aMuskeg River (Alta.) |
| 710 | 2 |aAlberta Oil Sands Environmental Research Program, |eissuing body. |
| 830 | #0|aAOSERP report ;|v116.|w(CaOODSP)9.938755 |
| 856 | 40|qPDF|s9444 KB|uhttps://publications.gc.ca/collections/collection_2025/eccc/en40/En40-248-116-eng.pdf |